LEADER 01555nam 22004453 450 001 9910130641303321 005 20091103000000.0 010 $a88-491-3201-8 035 $a(CKB)3400000000019464 035 $a(ItFiC)it 02413829 035 $a(EXLCZ)993400000000019464 100 $a20101102d2009 uy 0 101 0 $aita 200 10$aDiplomazia e autogoverno a Bologna nel Quattrocento, 1392-1466 $efonti per la storia delle istituzioni /$fTommaso Duranti 210 $aBologna $cCLUEB$d2009 215 $a474 p. ;$d24 cm 225 0$aBologna medievale ieri e oggi ;$v11 300 $aIncl. (p. 119-453) documents, publ. for the first time, in Latin. 300 $aBologna (Emilia Romagna). 320 $aIncludes bibliographical references. 517 $aDiplomazia e autogoverno a Bologna nel Quattrocento, 1392-1466 : fonti per la storia delle istituzioni 607 $aBologna (Italy)$xPolitics and government 607 $aBologna (Italy)$xHistory$yTo 1506 607 $aBologna (Italy)$xForeign relations$xCatholic Church 607 $aBologna (Italy)$xPolitics and government$vSources 607 $aBologna (Italy)$xHistory$yTo 1506$vSources 676 $a320 676 $a945 676 $a261 676 $a282 676 $a352 676 $a322 676 $a327 700 $aDuranti$b Tommaso$f1977-$0307132 801 0$bItFiC 801 1$bItFiC 906 $aBOOK 912 $a9910130641303321 996 $aDiplomazia e autogoverno a Bologna nel Quattrocento, 1392-1466$92429101 997 $aUNINA LEADER 01677oam 2200481zu 450 001 996202056103316 005 20210807002706.0 010 $a1-5090-8864-4 035 $a(CKB)1000000000331068 035 $a(SSID)ssj0000395217 035 $a(PQKBManifestationID)12107942 035 $a(PQKBTitleCode)TC0000395217 035 $a(PQKBWorkID)10450639 035 $a(PQKB)10965751 035 $a(EXLCZ)991000000000331068 100 $a20160829d2007 uy 101 0 $aeng 181 $ctxt 182 $cc 183 $acr 200 10$a11th [IEEE] International Conference Information Visualization : IV 2007 : [proceedings] : 4-6 July 2007, Zurich, Switzerland 210 31$a[Place of publication not identified]$cIEEE Computer Society$d2007 300 $aBibliographic Level Mode of Issuance: Monograph 311 $a0-7695-2900-3 606 $aComputer vision$vCongresses 606 $aInformation visualization$vCongresses 606 $aComputer graphics$vCongresses 606 $aEngineering & Applied Sciences$2HILCC 606 $aApplied Physics$2HILCC 615 0$aComputer vision 615 0$aInformation visualization 615 0$aComputer graphics 615 7$aEngineering & Applied Sciences 615 7$aApplied Physics 676 $a001.4/226028566 702 $aBanissi$b E 712 02$aIEEE Computer Society 712 12$aIEEE International Conference on Information Visualization 801 0$bPQKB 906 $aPROCEEDING 912 $a996202056103316 996 $a11th International Conference Information Visualization : IV 2007 : proceedings : 4-6 July 2007, Zurich, Switzerland$92415644 997 $aUNISA LEADER 01027nam 2200373 450 001 9910137736303321 005 20221023104731.0 010 $a953-51-6829-0 035 $a(CKB)3230000000076523 035 $a(NjHacI)993230000000076523 035 $a(EXLCZ)993230000000076523 100 $a20221023d2012 uy 0 101 0 $aeng 135 $aur||||||||||| 181 $ctxt$2rdacontent 182 $cc$2rdamedia 183 $acr$2rdacarrier 200 00$aNeuroimaging $eMethods /$fedited by Peter Bright 210 1$aRijeka, Croatia :$cInTech,$d[2012] 210 4$dİ2012 215 $a1 online resource (374 pages) $cillustrations 311 $a953-51-0097-1 320 $aIncludes bibliographical references. 517 $aNeuroimaging 606 $aBrain$xImaging 615 0$aBrain$xImaging. 676 $a616.804754 702 $aBright$b Peter 801 0$bNjHacI 801 1$bNjHacl 906 $aBOOK 912 $a9910137736303321 996 $aNeuroimaging$91751159 997 $aUNINA LEADER 04686nam 2200745 a 450 001 9910971060103321 005 20251017110024.0 010 $a9786613278807 010 $a9780309216692 010 $a0309216699 010 $a9781283278805 010 $a1283278804 010 $a9780309216678 010 $a0309216672 035 $a(CKB)2550000000053472 035 $a(EBL)3378886 035 $a(SSID)ssj0000643480 035 $a(PQKBManifestationID)11384111 035 $a(PQKBTitleCode)TC0000643480 035 $a(PQKBWorkID)10653667 035 $a(PQKB)10994394 035 $a(MiAaPQ)EBC3378886 035 $a(Au-PeEL)EBL3378886 035 $a(CaPaEBR)ebr10500220 035 $a(CaONFJC)MIL327880 035 $a(OCoLC)923284541 035 $a(Perlego)4738152 035 $a(DNLM)1581881 035 $a(BIP)36114822 035 $a(EXLCZ)992550000000053472 100 $a20111104d2011 uy 0 101 0 $aeng 135 $aurcn||||||||| 181 $ctxt 182 $cc 183 $acr 200 10$aBuilding the 21st century $eU.S.-China cooperation on science, technology, and innovation : summary of a symposium /$fNational Research Council of the National Academies 205 $a1st ed. 210 $aWashington, D.C. $cNational Academies Press$d2011 215 $a1 online resource (224 p.) 300 $a"Charles W. Wessner, rapporteur ; Committee on Comparative National Innovation Policies : Best Practices for the 21st Century ; Board on Science, Technology, and Economic Policy ; Policy and Global Affairs." 311 08$a9780309216661 311 08$a0309216664 320 $aIncludes bibliographical references. 327 $a""Front Matter""; ""CONTENTS""; ""PREFACE""; ""I INTRODUCTION""; ""II PROCEEDINGS""; ""WELCOME--Charles Wessner""; ""OPENING REMARKS--Alan Wm. Wolff""; ""OPENING REMARKS--Ren Weimin""; ""BUILDING GLOBAL PARTNERSHIPS: OPPORTUNITIES IN U.S.-CHINA COOPERATION""; ""PANEL I: BUILDING THE NEW ENERGY ECONOMY""; ""PANEL II: INNOVATION CLUSTERS AND THE 21ST CENTURY UNIVERSITY""; ""PANEL III: ICT AND INNOVATION: GROWTH ENGINE AND ENABLING TECHNOLOGIES""; ""PANEL IV: NEW FRONTIERS: OPPORTUNITIES & CHALLENGES FOR COOPERATION""; ""LESSONS LEARNED AND NEXT STEPS""; ""III APPENDIXES""; ""Appendix A: AGENDA"" 327 $a""Appendix B: BIOGRAPHIES OF SPEAKERS""""Appendix C: PARTICIPANTS LIST""; ""Appendix D: BIBLIOGRAPHY"" 330 $aThe global economy is characterized by increasing locational competition to attract the resources necessary to develop leading-edge technologies as drivers of regional and national growth. One means of facilitating such growth and improving national competitiveness is to improve the operation of the national innovation system. This involves national technology development and innovation programs designed to support research on new technologies, enhance the commercial return on national research, and facilitate the production of globally competitive products. Understanding the policies that other nations are pursuing to become more innovative and to what effect is essential to understanding how the nature and terms of economic competition are shifting. Building the 21st Century U.S.-China Cooperation on Science, Technology, and Innovation studies selected foreign innovation programs and comparing them with major U.S. programs. This analysis of Comparative Innovation Policy includes a review of the goals, concept, structure, operation, funding levels, and evaluation of foreign programs designed to advance the innovation capacity of national economies and enhance their international competitiveness. This analysis focuses on key areas of future growth, such as renewable energy, among others, to generate case-specific recommendations where appropriate. 606 $aInternational cooperation$vCongresses 606 $aTechnological innovations$zUnited States$vCongresses 606 $aTechnological innovations$zChina$vCongresses 615 0$aInternational cooperation 615 0$aTechnological innovations 615 0$aTechnological innovations 676 $a327.73051 701 $aWessner$b Charles W$0857991 712 02$aNational Research Council (U.S.).$bCommittee on Comparative National Innovation Policy: Best Practice for the 21st Century. 712 02$aNational Research Council (U.S.).$bBoard on Science, Technology, and Economic Policy. 712 02$aNational Research Council (U.S.).$bPolicy and Global Affairs. 801 0$bMiAaPQ 801 1$bMiAaPQ 801 2$bMiAaPQ 906 $aBOOK 912 $a9910971060103321 996 $aBuilding the 21st century$94359016 997 $aUNINA